| 000 | 00824nam2a2200253 4500 | ||
|---|---|---|---|
| 001 | RU\NLR\bibl\985822 | ||
| 005 | 20250614215919.0 | ||
| 010 | _a5-98551-002-6 | ||
| 021 |
_aRU _b2006-38617 _91939 |
||
| 035 | _a(NLR Aleph) 000973687 | ||
| 090 |
_a415261 _c415261 |
||
| 100 | _a20060920d2004 |||y0rusy50 ca | ||
| 101 | 0 | _arus | |
| 102 | _aRU | ||
| 105 | _ay ||||||||| | ||
| 200 | 0 | _aКн. 2 | |
| 210 |
_d2004 _aБ. м. |
||
| 215 | _a180,[1] с. | ||
| 461 | 0 |
_1001RU\NLR\bibl\951974 _12001#$aВсе про Ваш мобильный телефон$vКн. 2 _9214212 _aБукин, М. С. _cМосква _d2006 _fМ. С. Букин _nМайор _tВсе про Ваш мобильный телефон _vКн. 2 |
|
| 801 | 0 |
_aRU _bNLR _c20060920 _grcr |
|
| 801 | 1 |
_aRU _bNLR _c20060920 |
|
| 942 | _cBOOK | ||
| 980 | _aNB | ||